Les plus gros transferts du football - Défenseurs centraux - 2016-2017 - Statistiques

Statistiques générales
  • Ce quiz a été pris 46 fois
  • Le résultat moyen est 6 sur 10
Statistiques - réponses
Montant de transfert (M €) Nationalité Venant de Allant à Joueur % Correct
35,00 Brésil Paris SG Chelsea David Luiz
98%
35,00 Allemagne Borussia Dortmund Bayern Munich Mats Hummels
96%
55,60 Angleterre FC Everton Manchester City John Stones
93%
38,00 Côte d'Ivoire Villarreal CF Manchester United Eric Bailly
91%
25,00 France Olympique Lyonnais Barcelone Samuel Umtiti
91%
41,00 Allemagne VFC alencia Arsenal Shkodran Mustafi
64%
20,00 Belgique Zenti S-Pb TJ Quanjian Axel Witsel
53%
24,00 Argentine Zenti S-Pb FC Valencia Ezequiel Garay
33%
21,00 Autriche Dynamo Kyiv Bayer Leverkusen Aleksandar Dragovic
9%
19,00 Italie Atalanta BC Juventus Turin Mattia Caldara
7%
Aucun quiz correspondant
Distribution des résultats
% des personnes avec chaque résultat
Percentile par nombre de réponses
Votre historique - résultats
Vous n’avez pas pris ce quiz